00467nam a22001577a 45000050016000000100015000160200023000310350013000540370013000670820011000801000023000912450087001142600043002012700045002443000020002892010081705315.0 aENG-100593 a8178711524c175.00 aEN-84126 bDBAD/PUB a954.01 aYadav,RamLal Singh aIndus to cauvery :bDiffusion and distribution of yadavas /cby RamLal Singh Yadav aGurgaonbHope India Publicationsc2009 a85, Sector 23, Gurgaon bGurgaone122017 a167pc21cm(pbk)